The Beatles - Help! (Tracks) - Statistics

General Stats
  • This quiz has been taken 130 times
  • The average score is 9 of 14
Answer Stats
Track Number Track Name % Correct
1 Help!
100%
13 Yesterday
81%
4 I Need You
72%
7 Ticket to Ride
72%
5 Another Girl
70%
2 The Night Before
70%
3 You've Got to Hide Your Love Away
70%
14 Dizzy Miss Lizzy
68%
8 Act Naturally
61%
6 You're Going to Lose That Girl
61%
12 I've Just Seen a Face
60%
9 It's Only Love
49%
11 Tell Me What You See
42%
10 You Like Me Too Much
42%
No matching quizzes found
Score Distribution
Percent of People with Each Score
Percentile by Number Answered
Your Score History
You have not taken this quiz